LEADER 02288nam 2200673 450 001 9910136776903321 005 20200520144314.0 010 $a1-118-56155-4 010 $a1-118-56153-8 010 $a1-118-56136-8 035 $a(CKB)3710000000635567 035 $a(EBL)4462504 035 $a(SSID)ssj0001639584 035 $a(PQKBManifestationID)16399263 035 $a(PQKBTitleCode)TC0001639584 035 $a(PQKBWorkID)14902130 035 $a(PQKB)10136411 035 $a(PQKBManifestationID)16327693 035 $a(PQKBWorkID)14902276 035 $a(PQKB)22792474 035 $a(MiAaPQ)EBC4462504 035 $a(DLC) 2016005795 035 $a(Au-PeEL)EBL4462504 035 $a(CaPaEBR)ebr11189902 035 $a(CaONFJC)MIL909466 035 $a(OCoLC)937062372 035 $a(PPN)250839687 035 $a(EXLCZ)993710000000635567 100 $a20160105d2016 uy| 0 101 0 $aeng 135 $aur|n|---||||| 181 $ctxt 182 $cc 183 $acr 200 10$aCetacean palaeobiology /$fFelix G. Marx, Olivier Lambert and Mark D. Uhen 210 1$aChichester, UK ;$aHoboken, NJ :$cJohn Wiley & Sons,$d2016. 215 $a1 online resource (508 p.) 225 1 $aTOPA Topics in Paleobiology 300 $aDescription based upon print version of record. 311 $a1-118-56154-6 311 $a1-118-56127-9 320 $aIncludes bibliographical references and index. 327 $aCetaceans past and present -- The cetacean fossil record -- Morphology -- Phylogeny -- Major steps in the evolution of cetaceans -- Fossil evidence of cetacean biology -- Macroevolutionary patterns -- Palaeontological insights into evolution and development -- Living cetaceans in an evolutionary context. 410 0$aTOPA Topics in Paleobiology 606 $aCetacea, Fossil 606 $aEvolutionary paleobiology 615 0$aCetacea, Fossil. 615 0$aEvolutionary paleobiology. 676 $a569/.5 700 $aMarx$b Felix G.$0969523 702 $aLambert$b Olivier$c(Paleontologist), 702 $aUhen$b Mark D. 801 0$bMiAaPQ 801 1$bMiAaPQ 801 2$bMiAaPQ 906 $aBOOK 912 $a9910136776903321 996 $aCetacean palaeobiology$92203204 997 $aUNINA LEADER 01120nam a2200277 i 4500 001 991000899429707536 005 20020502180757.0 008 941025s1991 it ||| | ita 020 $a883175498X 035 $ab11433991-39ule_inst 035 $aPRUMB51132$9ExL 040 $aScuola per assistenti sociali$bita 100 1 $aSartori, Paola$0526416 245 10$aAdulto e bambino :$buna relazione per crescere :$besperienze e riflessioni sulla prevenzione al disagio minorile /$ca cura di Paola Sartori e Paola Scalari 250 $a1. ed 260 $aVenezia :$bMarsilio,$cc1991 300 $aVII, 163 p. ;$c21 cm. 490 0 $aRicerche 650 4$aMinori$xDisagio$xPrevenzione 907 $a.b11433991$b01-03-17$c01-07-02 912 $a991000899429707536 945 $aLE024 PS EV II 4$g1$i2021000158384$lle021$nex DUSS$o-$pE0.00$q-$rl$s- $t0$u2$v1$w2$x0$y.i11618309$z01-07-02 945 $aLE021 DI1BISB57$g1$i2021000162008$lle021$og$pE0.00$q-$rl$s- $t0$u5$v1$w5$x0$y.i15024076$z09-11-09 996 $aAdulto e bambino$9818674 997 $aUNISALENTO 998 $ale021$b01-01-94$cm$da $e-$fita$git $h0$i1 LEADER 01044nam a2200289 i 4500 001 991002807489707536 005 20020503173627.0 008 990216s1980 it ||| | ita 035 $ab10417722-39ule_inst 035 $aEXGIL110247$9ExL 040 $aDip.to Filol. Ling. e Lett.$bita 082 0 $a408 100 1 $aChomsky, Noam$027033 245 10$aForma e interpretazione /$cNoam Chomsky ; a cura di Giorgio Graffi e Luigi Rizzi 260 $a[Milano] :$bIl saggiatore,$c1980 300 $a263 p. ;$c21 cm 440 3$aLa cultura Biblioteca di linguistica ;$v6 650 4$aLinguaggio$xSaggi 700 1 $aGraffi, Giorgio 700 1 $aRizzi, Luigi 740 0 $aEssays on form and interpretation 907 $a.b10417722$b21-09-06$c27-06-02 912 $a991002807489707536 945 $aLE008 FL.M. (L.G.) F 23$g1$i2008000407162$lle008$o-$pE0.00$q-$rl$s- $t0$u0$v0$w0$x0$y.i10486227$z27-06-02 996 $aEssays on form and Interpretation$920310 997 $aUNISALENTO 998 $ale008$b01-01-99$cm$da $e-$fita$git $h0$i1